| 000 | 00000nam 2200000za 4500 |
| 001 | 9.818206 |
| 003 | CaOODSP |
| 005 | 20251010122926 |
| 007 | cr ||||||||||| |
| 008 | 160524s2014 oncd||||o f000 0 fre d |
| 040 | |aCaOODSP|bfre |
| 043 | |an-cn--- |
| 086 | 1 |aYM32-5/2014-18F-PDF |
| 100 | 1 |aKirkby, Cynthia. |
| 245 | 13|aLe Comité mixte permanent d'examen de la réglementation |h[ressource électronique] / |cCynthia Kirkby. |
| 250 | |a[Édition de 2 avril 2014]. |
| 260 | |aOttawa : |bBibliothèque du Parlement, |c2014. |
| 490 | 1 |aEn bref ; |v2014-18-F |
| 500 | |a« Le 2 avril 2014. » |
| 500 | |aÉgalement disponible en anglais sous le titre : The Standing Joint Committee for the Scrutiny of Regulations. |
| 504 | |aComprend des références bibliographiques. |
| 692 | 07|2gccst|aComité |
| 710 | 1 |aCanada. |bService d'information et de recherche parlementaires. |
| 775 | 08|tThe Standing Joint Committee for the Scrutiny of Regulations |w(CaOODSP)9.818203 |
| 794 | |tLe Comité mixte permanent d'examen de la réglementation / |b[Révisée le 21 février 2022]|w(CaOODSP)9.956185 |
| 830 | #0|aEn bref (Canada. Service d'information et de recherche parlementaires)|v2014-18-F|w(CaOODSP)9.501314 |
| 856 | 40|qPDF|s421 Ko|uhttps://publications.gc.ca/collections/collection_2016/bdp-lop/eb/YM32-5-2014-18-fra.pdf |